All-time Olympics Medal Table - Statistics

General Stats
  • This quiz has been taken 27 times
    2 since last reset
  • The average score is 16 of 20
Answer Stats
G S B Country % Correct
191 201 233 Australia
100%
162 196 241 Canada
100%
330 262 227 China
100%
289 328 360 France
100%
429 469 463 Germany/West Germany
100%
313 345 361 Great Britain
100%
281 250 298 Italy
100%
211 198 233 Japan
100%
173 168 182 Netherlands
100%
231 199 188 Norway
100%
192 164 184 Russia
100%
145 134 130 South Korea
100%
224 238 247 Sweden
100%
123 137 145 Switzerland
100%
1231 1012 885 United States
100%
98 132 140 Austria
50%
527 420 392 Soviet Union/Unified Team
50%
192 165 162 East Germany
0%
146 151 189 Finland
0%
189 163 188 Hungary
0%
No matching quizzes found
Score Distribution
Percent of People with Each Score
Percentile by Number Answered
Your Score History
You have not taken this quiz since the last reset